000 00447nam a22001817a 4500
003 MPLRDC
005 20220104142640.0
008 210129b ||||| |||| 00| 0 eng d
082 _a868.71 ZXS v.24d
100 _a林晓薇
245 _a想谈恋爱. 四
_c
250 _a初版
260 _a
_b董总中学生月刊
_c1996
300 _b
490 _a中学生丛书之廿四
650 _a马华文学
942 _cBK
_o868.71 ZXS v.24d
999 _c32591
_d32581